Great Betrayal (Record no. 216384)
[ view plain ]
| 000 -LEADER | |
|---|---|
| fixed length control field | 00496nam a22001817a 4500 |
| 005 - DATE AND TIME OF LATEST TRANSACTION | |
| control field | 20210925064651.0 |
| 008 - FIXED-LENGTH DATA ELEMENTS--GENERAL INFORMATION | |
| fixed length control field | 210925b ||||| |||| 00| 0 eng d |
| 040 ## - CATALOGING SOURCE | |
| Transcribing agency | Aloy |
| 041 ## - LANGUAGE CODE | |
| Language code of text/sound track or separate title | English |
| 082 ## - DEWEY DECIMAL CLASSIFICATION NUMBER | |
| Edition number | 23 |
| Classification number | 820.43 |
| Item number | REDG |
| 100 ## - MAIN ENTRY--PERSONAL NAME | |
| Personal name | S Vidya Sagar Reddy |
| 100 ## - MAIN ENTRY--PERSONAL NAME | |
| 9 (RLIN) | 337 |
| 245 ## - TITLE STATEMENT | |
| Title | Great Betrayal |
| 260 ## - PUBLICATION, DISTRIBUTION, ETC. | |
| Place of publication, distribution, etc. | Hyderabad |
| Name of publisher, distributor, etc. | Visalaandhra Publishing House |
| Date of publication, distribution, etc. | 1996 |
| 300 ## - PHYSICAL DESCRIPTION | |
| Extent | 177p. |
| Other physical details | PB |
| Dimensions | 21.5x14cm |
| 365 ## - TRADE PRICE | |
| Price amount | ₹70.00 |
| Currency code | ₹ |
| Unit of pricing | ₹70.00 |
| 700 ## - ADDED ENTRY--PERSONAL NAME | |
| Personal name | REDDY (Vidya Sagar S) |
| 9 (RLIN) | 338 |
| 942 ## - ADDED ENTRY ELEMENTS (KOHA) | |
| Source of classification or shelving scheme | Dewey Decimal Classification |
| Koha item type | George Fernandes Collections |
| Withdrawn status | Lost status | Source of classification or shelving scheme | Damaged status | Not for loan | Collection code | Home library | Current library | Date acquired | Total Checkouts | Full call number | Barcode | Date last seen | Cost, replacement price | Price effective from | Koha item type |
|---|---|---|---|---|---|---|---|---|---|---|---|---|---|---|---|
| Dewey Decimal Classification | English | St Aloysius Library | St Aloysius Library | 03/24/2013 | 820.43 REDG | GF01645 | 09/25/2021 | 70.00 | 09/25/2021 | George Fernandes Collections |